| 000 | 00979nam a2200253Ia 4500 | ||
|---|---|---|---|
| 001 | ebr5000783 | ||
| 003 | CaPaEBR | ||
| 006 | m u | ||
| 007 | cr cn||||||||| | ||
| 008 | 010124s2001 ncu s 000 0 eng d | ||
| 040 |
_aCaPaEBR _cCaPaEBR |
||
| 035 | _a(OCoLC)680632907 | ||
| 050 | 1 | 4 |
_aJC177.B3 _bP35 2001eb |
| 100 | 1 |
_aPaine, Thomas, _d1737-1809. |
|
| 245 | 1 | 4 |
_aThe rights of man _h[electronic resource] / _cby Thomas Paine. |
| 260 |
_aBlacksburg, VA : _bVirginia Tech, _c2001. |
||
| 300 | _a163 p. | ||
| 533 |
_aElectronic reproduction. _bPalo Alto, Calif. : _cebrary, _d2010. _nAvailable via World Wide Web. _nAccess may be limited to ebrary affiliated libraries. |
||
| 650 | 0 | _aPolitical science. | |
| 651 | 0 |
_aFrance _xHistory _yRevolution, 1789-1799 _xCauses. |
|
| 655 | 7 |
_aElectronic books. _2local |
|
| 710 | 2 | _aebrary, Inc. | |
| 856 | 4 | 0 |
_uhttp://site.ebrary.com/lib/rucke/Doc?id=5000783 _zAn electronic book accessible through the World Wide Web; click to view |
| 999 |
_c2977 _d2977 |
||